Tubenoses, Pelicans, Cormorants, and Relatives of North America - Statistics

General Stats
  • This quiz has been taken 9 times
  • The average score is 18 of 50
Answer Stats
Picture Answer % Correct
Double-Crested Cormorant
86%
American White Pelican
71%
Anhinga
71%
Blue-Footed Booby
71%
Brown Pelican
71%
Great Cormorant
71%
Laysan Albatross
71%
Magnificent Frigatebird
71%
Northern Fulmar
71%
Sooty Shearwater
71%
Black-Footed Albatross
57%
Brown Booby
57%
Manx Shearwater
57%
Masked Booby
57%
Northern Gannet
57%
Red-Footed Booby
57%
Short-Tailed Albatross
57%
Black-Browed Albatross
43%
Brandt's Cormorant
43%
Neotropic Cormorant
43%
Pelagic Cormorant
43%
Red-Billed Tropicbird
43%
Red-Tailed Tropicbird
43%
White-Tailed Tropicbird
43%
Wilson's Storm-Petrel
43%
Yellow-Nosed Albatross
43%
Black Storm-Petrel
29%
Cory's Shearwater
29%
Great Shearwater
29%
Least Storm-Petrel
29%
Red-Faced Cormorant
29%
White-Faced Storm-Petrel
29%
Ashy Storm-Petrel
14%
Audubon's Shearwater
14%
Black-Capped Petrel
14%
Cook's Petrel
14%
Fea's Petrel
14%
Flesh-Footed Shearwater
14%
Fork-Tailed Storm-Petrel
14%
Leach's Storm-Petrel
14%
Pink-Footed Shearwater
14%
Band-Rumped Storm-Petrel
0%
Bermuda Petrel
0%
Black-Vented Shearwater
0%
Buller's Shearwater
0%
European Storm-Petrel
0%
Herald Petrel
0%
Mottled Petrel
0%
Murphy's Petrel
0%
Short-Tailed Shearwater
0%
No matching quizzes found
Score Distribution
Percent of People with Each Score
Percentile by Number Answered
Your Score History
You have not taken this quiz